ATLAS SHRUGGED. (Record no. 202868)
[ view plain ]
| 000 -LEADER | |
|---|---|
| fixed length control field | 00450nam a22001937a 4500 |
| 003 - CONTROL NUMBER IDENTIFIER | |
| control field | OSt |
| 005 - DATE AND TIME OF LATEST TRANSACTION | |
| control field | 20260210095555.0 |
| 008 - FIXED-LENGTH DATA ELEMENTS--GENERAL INFORMATION | |
| fixed length control field | 260210b |||||||| |||| 00| 0 eng d |
| 020 ## - INTERNATIONAL STANDARD BOOK NUMBER | |
| International Standard Book Number | 978-0-451-19114-4 |
| 040 ## - CATALOGING SOURCE | |
| Transcribing agency | SUYOG ENTERPRISES |
| 082 ## - DEWEY DECIMAL CLASSIFICATION NUMBER | |
| Classification number | 813 RAN |
| 100 ## - MAIN ENTRY--PERSONAL NAME | |
| Personal name | RAND, AYN |
| 9 (RLIN) | 2265 |
| 245 ## - TITLE STATEMENT | |
| Title | ATLAS SHRUGGED. |
| 260 ## - PUBLICATION, DISTRIBUTION, ETC. | |
| Name of publisher, distributor, etc. | A SIGNET BOOKS |
| Date of publication, distribution, etc. | 1996 |
| 300 ## - PHYSICAL DESCRIPTION | |
| Extent | 1078 |
| 546 ## - LANGUAGE NOTE | |
| Language note | ENGLISH |
| 650 ## - SUBJECT ADDED ENTRY--TOPICAL TERM | |
| Topical term or geographic name entry element | GENERAL |
| 9 (RLIN) | 114 |
| 942 ## - ADDED ENTRY ELEMENTS (KOHA) | |
| Source of classification or shelving scheme | Dewey Decimal Classification |
| Koha item type | GENERAL BOOKS |
| Suppress in OPAC | No |
| Date last seen | Total Checkouts | Full call number | Barcode | Price effective from | Series | Koha item type | Department | Lost status | Source of classification or shelving scheme | Damaged status | Not for loan | Withdrawn status | Home library | Current library | Date acquired | Source of acquisition | Cost, normal purchase price | Bill NO | Bill Date | Net Amount | Disc | Language |
|---|---|---|---|---|---|---|---|---|---|---|---|---|---|---|---|---|---|---|---|---|---|---|
| 06/03/2026 | 813 RAN | PCCOEEC42103 | 10/02/2026 | EC | GENERAL BOOKS | GENERAL | Dewey Decimal Classification | PCCOE | PCCOE | 20/01/2026 | SUYOG ENTERPRISES | 899.00 | 6954 | 08-01-2026 | 638.29 | 29 | ENGLISH | |||||
| 06/03/2026 | 813 RAN | PCCOEEC42104 | 10/02/2026 | EC | GENERAL BOOKS | GENERAL | Dewey Decimal Classification | PCCOE | PCCOE | 20/01/2026 | SUYOG ENTERPRISES | 899.00 | 6954 | 08-01-2026 | 638.29 | 29 | ENGLISH |